[Event "Mont de Marsan op"]
[Site "Mont de Marsan"]
[Date "2016.12.26"]
[Round "1.1"]
[White "Cornette, Matthieu"]
[Black "Goguely, Pierre"]
[Result "1-0"]
[WhiteElo "2597"]
[BlackElo "1689"]
[PlyCount "51"]
[EventDate "2016.12.27"]
[EventType "swiss"]
[EventRounds "9"]
[EventCountry "FRA"]
[SourceTitle "EXT 2024"]
[Source "ChessBase"]
[SourceDate "2023.10.10"]
[SourceVersion "1"]
[SourceVersionDate "2023.10.10"]
[SourceQuality "1"]

1. e4 c5 2. Nc3 g6 3. f4 Bg7 4. Nf3 e6 5. e5 Ne7 6. Ne4 Nf5 7. g4 Nd4 8. Nd6+ Kf8 9. Bg2 Nxf3+ 10. Qxf3 Nc6 11. 0-0 h5 12. g5 Nd4 13. Qe4 Rb8 14. b4 Qb6 15. bxc5 Qxc5 16. Qe3 b6 17. Ba3 Ne2+ 18. Kf2 Qxe3+ 19. Kxe3 Ba6 20. c4 Kg8 21. Kxe2 Bf8 22. d3 Kg7 23. Rfb1 Be7 24. Nf5+ gxf5 25. Bxe7 Rhc8 26. Bd6 1-0

[Event "Besancon op"]
[Site "Besancon"]
[Date "2008.12.30"]
[Round "6"]
[White "Goguely, Pierre"]
[Black "Roussey, Quentin"]
[Result "1/2-1/2"]
[WhiteElo "1872"]
[BlackElo "1790"]
[PlyCount "104"]
[EventDate "2008.12.26"]
[EventType "swiss"]
[EventRounds "7"]
[EventCountry "FRA"]
[SourceTitle "CBM 128 Extra"]
[Source "ChessBase"]
[SourceDate "2009.03.05"]
[SourceVersion "2"]
[SourceVersionDate "2009.03.25"]
[SourceQuality "1"]

1. Nf3 Nf6 2. d4 d5 3. c4 e6 4. Nc3 c6 5. Bg5 Be7 6. e3 Nbd7 7. cxd5 Nxd5 8. Bxe7 Qxe7 9. Rc1 0-0 10. Bd3 b6 11. 0-0 N7f6 12. e4 Nxc3 13. Rxc3 Bb7 14. Qc2 c5 15. Re1 Rac8 16. dxc5 Rxc5 17. e5 Nd7 18. Bxh7+ Kh8 19. Be4 Rxc3 20. bxc3 Nc5 21. Bxb7 Nxb7 22. Re4 g6 23. Qd2 Kg7 24. Rh4 Rh8 25. Rxh8 Kxh8 26. Qh6+ Kg8 27. Ng5 Qd7 28. h4 Qd1+ 29. Kh2 Qh5 30. Qxh5 gxh5 31. Ne4 Kg7 32. Kg3 Kg6 33. Kf4 Nd8 34. f3 Nc6 35. Nf6 Ne7 36. g4 hxg4 37. fxg4 b5 38. Ke4 Kh6 39. Ne8 Nd5 40. Kd4 Kg6 41. Nd6 a6 42. Ne4 Kh6 43. Kc5 Kg6 44. Kc6 Kh6 45. a3 Kg6 46. Kd7 Nb6+ 47. Kc6 Nc4 48. Kb7 Nxa3 49. Kxa6 Nc4 50. Kxb5 Nxe5 51. Nf2 f5 52. gxf5+ exf5 1/2-1/2

[Event "Besancon op"]
[Site "Besancon"]
[Date "2008.12.29"]
[Round "4"]
[White "Goguely, Pierre"]
[Black "Maniere, Yves"]
[Result "1-0"]
[WhiteElo "1872"]
[BlackElo "1470"]
[PlyCount "111"]
[EventDate "2008.12.26"]
[EventType "swiss"]
[EventRounds "7"]
[EventCountry "FRA"]
[SourceTitle "CBM 128 Extra"]
[Source "ChessBase"]
[SourceDate "2009.03.05"]
[SourceVersion "2"]
[SourceVersionDate "2009.03.25"]
[SourceQuality "1"]

1. e4 e5 2. Nf3 Nc6 3. Bb5 a6 4. Ba4 Nf6 5. 0-0 d6 6. Re1 Be7 7. c3 0-0 8. h3 Bd7 9. d4 b5 10. Bc2 h6 11. Nbd2 Re8 12. Nf1 Bf8 13. d5 Na5 14. Ne3 c6 15. Nh2 cxd5 16. exd5 Nc4 17. g4 e4 18. Nxc4 bxc4 19. Qd4 Bb5 20. a4 Bd7 21. Qxc4 Qa5 22. Bd2 Qxd5 23. Qxd5 Nxd5 24. Bxe4 Bc6 25. c4 Ne7 26. Bxc6 Nxc6 27. Nf3 Ne5 28. Nxe5 dxe5 29. Re4 f6 30. b4 Red8 31. Be1 Rab8 32. c5 Rd3 33. Re3 Rd4 34. Bc3 Rd5 35. a5 Rc8 36. Rae1 Rc6 37. R1e2 Rc8 38. f4 Rc6 39. fxe5 fxe5 40. Rxe5 Rxe5 41. Rxe5 Kf7 42. Kg2 Be7 43. Rf5+ Kg6 44. Kf3 Bh4 45. Rf8 Be7 46. Rb8 Bf6 47. Bxf6 Rxf6+ 48. Ke4 Kg5 49. Rb6 Rf4+ 50. Ke5 Rc4 51. Kd5 Rc3 52. c6 Kh4 53. Rxa6 Kxh3 54. Kd6 Rd3+ 55. Kc5 Rc3+ 56. Kb6 1-0